logo

Bir Sreshtho Munshi Abdur Rouf Library
Jhenaidah Cadet College

Tourism In Bangladesh / (Record no. 1841)

MARC details
000 -LEADER
fixed length control field 00624nam a2200229 a 4500
001 - CONTROL NUMBER
JCCL Control Number 1841
003 - CONTROL NUMBER IDENTIFIER
JCCL marc code BD-JhCC
005 - DATE AND TIME OF LATEST TRANSACTION
control field 20171030085947.0
008 - FIXED-LENGTH DATA ELEMENTS--GENERAL INFORMATION
fixed length control field 171025s2010 bg a|||| || | 001 0 eng d
020 ## - INTERNATIONAL STANDARD BOOK NUMBER
International Standard Book Number 9789843326479
035 ## - SYSTEM CONTROL NUMBER
system control number (BD-JhCC)1841
040 ## - CATALOGING SOURCE
Original cataloging agency BD-JhCC
Modifying agency BD-JhCC
041 ## - LANGUAGE CODE
Language code of Book eng
082 ## - DEWEY DECIMAL CLASSIFICATION NUMBER
Classification number 338.47915492
Author mark and Year CHO 2010
100 ## - MAIN ENTRY--PERSONAL NAME
Personal name Chowdhuray, ASM Manzur Morshed
245 ## - TITLE STATEMENT
Title Tourism In Bangladesh /
Statement of responsibility, etc ASM Manzur Morshed Chowdhuray,
260 ## - PUBLICATION, DISTRIBUTION, ETC. (IMPRINT)
Place of publication, distribution, etc Dhaka :
Name of publisher, distributor, etc Termpera Printers & Colour Ltd.
Date of publication, distribution, etc 2010
300 ## - PHYSICAL DESCRIPTION
Pagination 462 p. :
Dimensions 24 cm.
650 ## - SUBJECT ADDED ENTRY--TOPICAL TERM
Topical term or geographic name as entry element Tourism
Geographic subdivision Bangladesh
942 ## - ADDED ENTRY ELEMENTS (KOHA)
Source of classification or shelving scheme Dewey Decimal Classification
Koha item type Books
Holdings
Source of classification or shelving scheme Damaged status Not for loan Home library Current library Shelving location Cost, normal purchase price Total Checkouts Full call number Barcode Date last seen Copy number Koha item type Date of accession Date checked out
Dewey Decimal Classification     JCC Rouf Library JCC Rouf Library General Stacks 500.00   338.47915492 CHO 2010 2977 10/25/2017 C-1 Books    
Dewey Decimal Classification     JCC Rouf Library JCC Rouf Library General Stacks 500.00 1 338.47915492 CHO 2010 2678 08/14/2023 C-2 Books 08/06/2023 08/06/2023

JCC Library | Contacts | JCC Home

Last Update on 23 September 2017
Copyright @ 2017-2020 JCC Rouf Library
Rouf Library, Jhenidah Cadet College (JCC), Bangladesh